Liêu trai chí dị

Spremljeno u:
Bibliografski detalji
Glavni autor: Bồ, Tùng Linh
Format: Knjiga
Jezik:Undetermined
Izdano: Thành phố Hồ Chí Minh Văn hóa Sài Gòn 2005
Teme:
Oznake: Dodaj oznaku
Bez oznaka, Budi prvi tko označuje ovaj zapis!
Thư viện lưu trữ: Trung tâm Học liệu Trường Đại học Cần Thơ
LEADER 00602nam a2200193Ia 4500
001 CTU_100218
008 210402s9999 xx 000 0 und d
020 |c 109000 
082 |a 895.13 
082 |b L312/T.1 
100 |a Bồ, Tùng Linh 
245 0 |a Liêu trai chí dị 
245 0 |c Bồ Tùng Linh ; Cao Tự Thanh biên dịch 
260 |a Thành phố Hồ Chí Minh 
260 |b Văn hóa Sài Gòn 
260 |c 2005 
650 |a Chinese fiction,Ghost stories, Chinese (Vienamese) 
904 |i Hiếu 
980 |a Trung tâm Học liệu Trường Đại học Cần Thơ